Gründungsmitglieder Premier League (1992/93) - Statistiken

Allgemein
  • Dieses Quiz wurde 63 mal gespielt
  • Das Durchschnittsergebnis liegt bei 14 aus 22
Antwortstatistiken
Platz Saison 24/25 Verein % Korrekt
9. Premier League Manchester City
100%
1. Premier League Manchester United
100%
10. Premier League FC Arsenal
98%
11. Premier League FC Chelsea
98%
6. Premier League FC Liverpool
98%
13. Premier League FC Everton
92%
2. Premier League Aston Villa
88%
8. Premier League Tottenham Hotspur
86%
17. 2. Liga Leeds United
84%
22. Premier League Nottingham Forest
78%
18. Premier League FC Southampton
71%
20. Premier League Crystal Palace
61%
4. 2. Liga Blackburn Rovers
55%
3. 2. Liga Norwich City
53%
14. Premier League Sheffield United
47%
7. 2. Liga Sheffield Wednesday
47%
16. Premier League Ipswich Town
43%
12. - FC Wimbledon
24%
5. 2. Liga Queens Park Rangers
24%
21. 2. Liga FC Middlesbrough
22%
15. 2. Liga Coventry City
18%
19. 5. Liga Oldham Athletic
6%
Keine übereinstimmenden Quizze gefunden
Verteilung der Resultate
Anzahl Personen mit jedem Resultat
Perzentil nach korrekt beantworteten Fragen
Ihre Resultats-Entwicklung
Sie haben dieses Quiz noch nicht gespielt